Central Library OPAC University of Rajshahi

Intriguing India : (Record no. 74004)

MARC details
000 -LEADER
fixed length control field 00965nam a2200289 a 4500
001 - CONTROL NUMBER
control field 74004
003 - CONTROL NUMBER IDENTIFIER
rucl marc code BD-RjUL
005 - DATE AND TIME OF LATEST TRANSACTION
control field 20211209082454.0
008 - FIXED-LENGTH DATA ELEMENTS--GENERAL INFORMATION
fixed length control field 111116s2011 ii a 000 0deng d
020 ## - INTERNATIONAL STANDARD BOOK NUMBER
International Standard Book Number 9788192091273 (paperback)
Terms of availability 595.00
International Standard Book Number 8192091279 (paperback)
035 ## - SYSTEM CONTROL NUMBER
System control number (BD- RjUL)74222
040 ## - CATALOGING SOURCE
Original cataloging agency DKAGE
Language of cataloging eng
Description conventions rda
Transcribing agency DKAGE
Modifying agency DLC
-- DLC
041 ## - LANGUAGE CODE
Language code of text/sound track or separate title eng
082 04 - DEWEY DECIMAL CLASSIFICATION NUMBER
Classification number 915.404
Edition number 23
Author mark and year HUI 2011
100 1# - MAIN ENTRY--PERSONAL NAME
Personal name Gantzer, Hugh.
9 (RLIN) 219774
245 10 - TITLE STATEMENT
Title Intriguing India :
Remainder of title the alluring North /
Statement of responsibility, etc. Hugh and Colleen Gantzer.
260 ## - PUBLICATION, DISTRIBUTION, ETC. (IMPRINT)
Place of publication, distribution, etc. India :
Name of publisher, distributor, etc. Niyogi book ,
Date of publication, distribution, etc. 2011
300 ## - PHYSICAL DESCRIPTION
Pagination 169 pages :
Illustrations color illustrations ;
Size 23 cm
600 10 - SUBJECT ADDED ENTRY--PERSONAL NAME
Personal name Gantzer, Hugh
General subdivision Travel
Geographic subdivision India, North.
Personal name Gantzer, Colleen
General subdivision Travel
Geographic subdivision India, North.
651 #0 - SUBJECT ADDED ENTRY--GEOGRAPHIC NAME
Geographic name India, North
General subdivision Description and travel.
9 (RLIN) 219777
Geographic name India, North
Form subdivision Folklore.
9 (RLIN) 219778
700 1# - ADDED ENTRY--PERSONAL NAME
Personal name Gantzer, Colleen.
942 ## - ADDED ENTRY ELEMENTS (KOHA)
Source of classification or shelving scheme Dewey Decimal Classification
Koha item type Books
Holdings
Lost status Source of classification or shelving scheme Damaged status Not for loan Collection code Permanent Location Current Location Shelving location Date acquired Source of acquisition Cost, normal purchase price Total Checkouts Full call number Date last seen Copy number Koha item type
  Dewey Decimal Classification   Not For Loan Non-fiction Central Library, University of Rajshahi Central Library, University of Rajshahi Reading Room 22/04/2017 R.U. V.C. OFFICE 595.00   915.404 HUI 2011 19/12/2017 C-1 Books